[Event "Gorgonzola op-C 12th"]
[Site "Gorgonzola"]
[Date "2007.11.18"]
[Round "6"]
[White "Brighenti, Alessandro"]
[Black "Menato, Nazario"]
[Result "1/2-1/2"]
[WhiteElo "1614"]
[BlackElo "1535"]
[PlyCount "95"]
[EventDate "2007.11.10"]
[EventType "swiss"]
[EventRounds "6"]
[EventCountry "ITA"]
[SourceTitle "EXT 2010"]
[Source "ChessBase"]
[SourceDate "2010.11.25"]
[SourceVersion "1"]
[SourceVersionDate "2010.11.25"]
[SourceQuality "1"]

1. e4 Nf6 2. e5 Nd5 3. d4 d6 4. Nf3 Bg4 5. Be2 e6 6. c4 Nb6 7. 0-0 Be7 8. h3 Bf5 9. Nc3 0-0 10. Bd3 Bg6 11. Bf4 dxe5 12. Nxe5 Qxd4 13. Nxg6 hxg6 14. Bxc7 Nxc4 15. Be4 Qxd1 16. Raxd1 Nc6 17. Bxc6 bxc6 18. Rd7 Bf6 19. Na4 Nxb2 20. Nxb2 Bxb2 21. Rb1 Ba3 22. Rb3 Bc5 23. Rc3 Bb6 24. Rxc6 Bxc7 25. Rcxc7 a5 26. Ra7 a4 27. Kf1 Rfb8 28. Rxf7 Rb1+ 29. Ke2 Rb2+ 30. Kf3 Rxa7 31. Rxa7 Rxa2 32. Ke3 Ra1 33. Kf4 a3 34. Kg5 Ra2 35. Kxg6 Rxf2 36. Ra8+ Rf8 37. Rxa3 Rf6+ 38. Kg5 Rf5+ 39. Kg4 Kf7 40. Rf3 Kf6 41. h4 Kg6 42. Rxf5 exf5+ 43. Kf4 Kh5 44. g3 g6 45. Ke5 Kg4 46. Kf6 Kxg3 47. Kxg6 Kxh4 48. Kxf5 1/2-1/2

[Event "Gorgonzola op-C 12th"]
[Site "Gorgonzola"]
[Date "2007.11.11"]
[Round "2"]
[White "Robustelli, Davide"]
[Black "Brighenti, Alessandro"]
[Result "1-0"]
[WhiteElo "1532"]
[BlackElo "1614"]
[PlyCount "59"]
[EventDate "2007.11.10"]
[EventType "swiss"]
[EventRounds "6"]
[EventCountry "ITA"]
[SourceTitle "EXT 2010"]
[Source "ChessBase"]
[SourceDate "2010.11.25"]
[SourceVersion "1"]
[SourceVersionDate "2010.11.25"]
[SourceQuality "1"]

1. e4 e5 2. Bc4 Nf6 3. Nc3 Nc6 4. Nge2 Nxe4 5. Bxf7+ Kxf7 6. Nxe4 d5 7. N4c3 Bg4 8. 0-0 Bc5 9. Qe1 Re8 10. a3 Nd4 11. Qd1 Qh4 12. Nxd4 exd4 13. f3 dxc3+ 14. d4 Bd6 15. fxg4+ Kg8 16. Bf4 cxb2 17. Rb1 Bxa3 18. Qf3 c6 19. Qxa3 Re2 20. Rxb2 Qxg4 21. Qf3 Qe6 22. Be5 Re4 23. Rxb7 Rxe5 24. dxe5 a5 25. Qg3 g6 26. Rf6 Qe8 27. Qh3 h5 28. Qg3 Kh8 29. Qg5 Kg8 30. Rxg6+ 1-0

[Event "Bresso op 6th"]
[Site "Bresso"]
[Date "2007.06.14"]
[Round "1"]
[White "Brighenti, Alessandro"]
[Black "Smokina, Karolina"]
[Result "0-1"]
[WhiteElo "1597"]
[BlackElo "2192"]
[PlyCount "42"]
[EventDate "2007.06.14"]
[EventType "swiss"]
[EventRounds "6"]
[EventCountry "ITA"]
[SourceTitle "EXT 2010"]
[Source "ChessBase"]
[SourceDate "2010.11.25"]
[SourceVersion "1"]
[SourceVersionDate "2010.11.25"]
[SourceQuality "1"]

1. e4 c5 2. Nc3 Nc6 3. g3 g6 4. Bg2 Bg7 5. d3 d6 6. f4 e5 7. Nf3 Nge7 8. 0-0 exf4 9. Bxf4 0-0 10. Qd2 Nd4 11. Nd1 Nxf3+ 12. Bxf3 d5 13. c3 Bh3 14. Re1 dxe4 15. Bxe4 Nd5 16. Bh6 f5 17. Bh1 f4 18. Bxd5+ Qxd5 19. Bxf4 h6 20. c4 Qf3 21. Nc3 Rxf4 0-1

[Event "Milan Citta op-A"]
[Site "Milan"]
[Date "2007.05.20"]
[Round "5"]
[White "Brighenti, Alessandro"]
[Black "Giannini, Mario"]
[Result "0-1"]
[WhiteElo "1597"]
[BlackElo "1780"]
[PlyCount "50"]
[EventDate "2007.05.18"]
[EventType "swiss"]
[EventRounds "5"]
[EventCountry "ITA"]
[SourceTitle "EXT 2010"]
[Source "ChessBase"]
[SourceDate "2010.11.25"]
[SourceVersion "1"]
[SourceVersionDate "2010.11.25"]
[SourceQuality "1"]

1. e4 c5 2. Nc3 e6 3. g3 Nc6 4. Bg2 Nf6 5. f4 d5 6. e5 Nd7 7. Nf3 Be7 8. d3 0-0 9. Qe2 a6 10. 0-0 f6 11. exf6 Nxf6 12. Bd2 Re8 13. Rae1 Bd6 14. Qf2 Nb4 15. Bc1 d4 16. Ne4 Nxa2 17. Nxd6 Qxd6 18. Bd2 Ng4 19. Qe2 Nb4 20. Ne5 Nf6 21. Nc4 Qc7 22. Bxb4 cxb4 23. g4 Bd7 24. g5 Nd5 25. Qh5 Nxf4 0-1

[Event "VA Province-ch"]
[Site "Gallarate"]
[Date "2007.01.28"]
[Round "6"]
[White "Cervini, Gian Piero"]
[Black "Brighenti, Alessandro"]
[Result "0-1"]
[WhiteElo "1792"]
[BlackElo "1596"]
[PlyCount "80"]
[EventDate "2007.01.20"]
[EventType "swiss"]
[EventRounds "6"]
[EventCountry "ITA"]
[SourceTitle "EXT 2010"]
[Source "ChessBase"]
[SourceDate "2010.11.25"]
[SourceVersion "1"]
[SourceVersionDate "2010.11.25"]
[SourceQuality "1"]

1. e4 e5 2. Nf3 Nc6 3. d4 exd4 4. Bc4 Nf6 5. 0-0 Nxe4 6. Re1 d5 7. Bxd5 Qxd5 8. Nc3 Qa5 9. Nxe4 Be6 10. Neg5 Bb4 11. Bd2 0-0-0 12. Nxe6 fxe6 13. Rxe6 Qf5 14. Re2 d3 15. cxd3 Rxd3 16. Qa4 Bxd2 17. Rxd2 Rhd8 18. Rxd3 Qxd3 19. Re1 Nd4 20. Nxd4 Qxd4 21. Qxd4 Rxd4 22. Kf1 Kd7 23. Ke2 c5 24. Rd1 Rxd1 25. Kxd1 Kd6 26. Kd2 b5 27. Kc3 Kd5 28. Kb3 c4+ 29. Kc3 a5 30. a3 g5 31. f3 h5 32. g3 h4 33. g4 Ke5 34. b4 axb4+ 35. axb4 Kf4 36. Kd4 Kxf3 37. Kc5 Kxg4 38. Kxb5 c3 39. Ka6 c2 40. b5 c1Q 0-1

[Event "Robecchetto op"]
[Site "Robecchetto"]
[Date "2006.12.29"]
[Round "4"]
[White "Brighenti, Alessandro"]
[Black "Primerano, Carlo"]
[Result "1-0"]
[WhiteElo "1588"]
[BlackElo "1758"]
[PlyCount "59"]
[EventDate "2006.12.27"]
[EventType "swiss"]
[EventRounds "6"]
[EventCountry "ITA"]
[SourceTitle "CBM 116 Extra"]
[Source "ChessBase"]
[SourceDate "2007.03.07"]
[SourceVersion "1"]
[SourceVersionDate "2007.03.07"]
[SourceQuality "1"]

1. e4 c6 2. d4 d5 3. Nc3 dxe4 4. Nxe4 Nd7 5. Ng5 Ngf6 6. Bd3 e6 7. N1f3 Bd6 8. Qe2 h6 9. Ne4 Nxe4 10. Qxe4 Nf6 11. Qh4 Ke7 12. Ne5 Bxe5 13. dxe5 Qa5+ 14. c3 Qxe5+ 15. Be3 Bd7 16. 0-0-0 a5 17. Rhe1 Qh5 18. Qg3 Nd5 19. Bc5+ Ke8 20. Qd6 Qg5+ 21. Be3 Nxe3 22. Rxe3 Rd8 23. Be4 h5 24. Qc7 Bc8 25. Rxd8+ Qxd8 26. Qe5 Kf8 27. Qb8 Rh6 28. Rd3 Qe8 29. Qc7 Rf6 30. Rd8 1-0